000 00241nam a2200109Ia 4500
008 190216s9999||||xx |||||||||||||| ||und||
100 _aVenniyoor E M J
245 0 _aDoctor House
260 _bNbs Kottayam
650 _aNadakam
942 _cBK
999 _c24812
_d24812